| 000 | 00979cam9a220024100 4500 | ||
|---|---|---|---|
| 001 | qce00857646 | ||
| 005 | 20190826083947.0 | ||
| 008 | 740307s1963 nyu 000 0 eng u | ||
| 010 | _a 35010016 | ||
| 035 | _a(Sirsi) r101988 | ||
| 035 | _a(QCAT)lss00540834 | ||
| 035 | _a(UPRA)qce00857646 | ||
| 040 | _dUPRA | ||
| 050 | 0 | _a D 273.A3 Dur | |
| 100 | 1 |
_aDurant, Will, 1885- _dDurant, Will, 1885- _6A59881.1 |
|
| 245 | 1 | 4 |
_aThe age of Louis XIV : _ba history of European civilization in the period of Pascal, Moliere, Cromwell, Milton, Peter the Great, Newton, and Spinoza : 1648-1715. |
| 260 |
_aNew York : _bSimon and Schuster, _c[c1963] |
||
| 490 | 0 |
_aHis The Story of civilization. 8 _6S492.1 |
|
| 504 | _aIncludes bibliographical references. | ||
| 651 | 0 |
_aEurope -- History -- 1648-1789. _xEurope -- History -- 1648-1789. _yEurope -- History -- 1648-1789. _6S29958.1 |
|
| 949 |
_a D 273.A3 Dur _wlcc _c 1 _i33729000057583 _mMAIN _p2500 _tBOOK _lON-SHELF |
||
| 004 | 101988 | ||
| 999 |
_c156695 _d156695 |
||